<?xml version='1.0' encoding='UTF-8'?>
  <record xmlns="http://www.loc.gov/MARC21/slim">
    <leader>00000cam a2200000Mi 4500</leader>
    <controlfield tag="001">ocm64798074</controlfield>
    <controlfield tag="003">OCoLC</controlfield>
    <controlfield tag="005">20240804002321.4</controlfield>
    <controlfield tag="008">871202s1628    ne            000 0 dut d</controlfield>
    <datafield tag="040" ind1=" " ind2=" ">
      <subfield code="a">NLGGC</subfield>
      <subfield code="b">dut</subfield>
      <subfield code="e">fobidrtb</subfield>
      <subfield code="c">NLGGC</subfield>
      <subfield code="d">L2U</subfield>
      <subfield code="d">NLRIJ</subfield>
      <subfield code="d">OCLCO</subfield>
      <subfield code="d">OCLCQ</subfield>
      <subfield code="d">OCLCL</subfield>
      <subfield code="d">OCLCQ</subfield>
    </datafield>
    <datafield tag="066" ind1=" " ind2=" ">
      <subfield code="c">(S</subfield>
    </datafield>
    <datafield tag="029" ind1="0" ind2=" ">
      <subfield code="a">NLGGC</subfield>
      <subfield code="b">043103111</subfield>
    </datafield>
    <datafield tag="035" ind1=" " ind2=" ">
      <subfield code="a">(OCoLC)64798074</subfield>
    </datafield>
    <datafield tag="082" ind1="0" ind2="4">
      <subfield code="a">914.9235043</subfield>
      <subfield code="q">OCoLC</subfield>
      <subfield code="2">20/eng/20230216</subfield>
    </datafield>
    <datafield tag="100" ind1="1" ind2=" ">
      <subfield code="a">Ampzing, Samuel,</subfield>
      <subfield code="d">1590-1632.</subfield>
      <subfield code="1">https://id.oclc.org/worldcat/entity/E39PBJrKPfPQBjydQG3dFKXKh3</subfield>
    </datafield>
    <datafield tag="245" ind1="1" ind2="0">
      <subfield code="a">Beschryvinge ende lof der stad Haerlem in Holland :</subfield>
      <subfield code="b">min rijm bearbeyd: ende met veele oude ende nieuwe stucken buyten dicht uyt verscheyde kronijken, handvesten, brieven, memorien ofte geheugeniszen ende diergelijke schriften verklaerd ende bevestigd /</subfield>
      <subfield code="c">door Samvel Ampzing.</subfield>
    </datafield>
    <datafield tag="246" ind1="3" ind2=" ">
      <subfield code="a">Petri Scriverii Laure-crans voor Laurens Coster van Haerlem, eerste vinder vande boeck-druckery</subfield>
    </datafield>
    <datafield tag="246" ind1="3" ind2=" ">
      <subfield code="a">Lavre-kranz voor Lavrens Koster  van Haerlem, eerste vinder vande boek-druckerye</subfield>
    </datafield>
    <datafield tag="260" ind1=" " ind2=" ">
      <subfield code="a">Te Haerlem :</subfield>
      <subfield code="b">by Adriaen Rooman,</subfield>
      <subfield code="c">1628.</subfield>
    </datafield>
    <datafield tag="300" ind1=" " ind2=" ">
      <subfield code="a">520, [6], 124 p. :</subfield>
      <subfield code="b">ill. ;</subfield>
      <subfield code="c">in-4.</subfield>
    </datafield>
    <datafield tag="336" ind1=" " ind2=" ">
      <subfield code="a">tekst</subfield>
      <subfield code="b">txt</subfield>
      <subfield code="2">rdacontent/dut</subfield>
    </datafield>
    <datafield tag="337" ind1=" " ind2=" ">
      <subfield code="a">zonder medium</subfield>
      <subfield code="b">n</subfield>
      <subfield code="2">rdamedia/dut</subfield>
    </datafield>
    <datafield tag="338" ind1=" " ind2=" ">
      <subfield code="a">band</subfield>
      <subfield code="b">nc</subfield>
      <subfield code="2">rdacarrier/dut</subfield>
    </datafield>
    <datafield tag="500" ind1=" " ind2=" ">
      <subfield code="a">[pi]1 (?)-(3?) 4 (3?)( 4 A-G 4 2A-3V 4 3A 6 3B 4 3C 2 3D-Q 4 (3V4 blanco), 2 A 4(2 A2 + 2 A3.4) 2 B 4 2 C 2 2 D-Q 4.</subfield>
    </datafield>
    <datafield tag="500" ind1=" " ind2=" ">
      <subfield code="a">Met gravures buiten de collatie.</subfield>
    </datafield>
    <datafield tag="500" ind1=" " ind2=" ">
      <subfield code="a">Bevat: Petri Scriverii Lavre-crans voor Lavrens Coster van Haerlem, eerste vinder vande boeck-drvckery, 1628.</subfield>
    </datafield>
    <datafield tag="510" ind1="0" ind2=" ">
      <subfield code="a">Nijhoff / Van Hattum 6</subfield>
    </datafield>
    <datafield tag="530" ind1=" " ind2=" ">
      <subfield code="a">Titel is geselecteerd voor digitalisering voor de Universiteit van Amsterdam in het kader van het Google Books-project.</subfield>
    </datafield>
    <datafield tag="600" ind1="1" ind2="4">
      <subfield code="a">Koster, Laurens Jansz.</subfield>
      <subfield code="q">(Laurens Janszoon),</subfield>
      <subfield code="d">ca. 1370-1439/40.</subfield>
      <subfield code="0">(NL-LeOCL)070404925</subfield>
    </datafield>
    <datafield tag="600" ind1="1" ind2="7">
      <subfield code="a">Koster, Laurens Jansz.,</subfield>
      <subfield code="d">ca. 1370-1439/40.</subfield>
      <subfield code="0">(NL-LeOCL)070404925</subfield>
      <subfield code="2">nta</subfield>
    </datafield>
    <datafield tag="700" ind1="1" ind2=" ">
      <subfield code="a">Scriverius, Petrus,</subfield>
      <subfield code="d">1576-1660.</subfield>
      <subfield code="1">https://id.oclc.org/worldcat/entity/E39PBJvd6MdRdf6jpW4pTcKw4q</subfield>
    </datafield>
    <datafield tag="710" ind1="0" ind2=" ">
      <subfield code="a">Roman, Adriaen (I, Haarlem)</subfield>
      <subfield code="4">prt</subfield>
      <subfield code="0">(NL-LeOCL)077157281</subfield>
    </datafield>
    <datafield tag="776" ind1="0" ind2=" ">
      <subfield code="t">Beschryvinge ende lof der stad Haerlem in Holland</subfield>
      <subfield code="w">(NL-LeOCL)379004593</subfield>
    </datafield>
    <datafield tag="776" ind1="0" ind2=" ">
      <subfield code="t">Petri Scriverii Laure-crans voor Laurens Coster van Haerlem, eerste vinder vande boeck-druckery</subfield>
      <subfield code="w">(NL-LeOCL)39424897X</subfield>
    </datafield>
    <datafield tag="776" ind1="0" ind2=" ">
      <subfield code="t">Petri Scriverii Laure-crans voor Laurens Coster van Haerlem, eerste vinder vande boeck-druckery</subfield>
      <subfield code="w">(NL-LeOCL)396631088</subfield>
    </datafield>
    <datafield tag="776" ind1="0" ind2=" ">
      <subfield code="t">Petri Scriverii Laure-crans voor Laurens Coster van Haerlem, eerste vinder vande boeck-druckery</subfield>
      <subfield code="w">(NL-LeOCL)399619763</subfield>
    </datafield>
    <datafield tag="776" ind1="0" ind2=" ">
      <subfield code="t">Petri Scriverii Laure-crans voor Laurens Coster van Haerlem, eerste vinder vande boeck-druckery</subfield>
      <subfield code="w">(NL-LeOCL)406906084</subfield>
    </datafield>
    <datafield tag="880" ind1=" " ind2=" ">
      <subfield code="6">500-00/(S</subfield>
      <subfield code="a">π1 ()-(3) 4 (3)( 4 A-G 4 2A-3V 4 3A 6 3B 4 3C 2 3D-Q 4 (3V4 blanco), 2 A 4(2 A2 + 2 A3.4) 2 B 4 2 C 2 2 D-Q 4.</subfield>
    </datafield>
  </record>